[Event "POR-ch U16"]
[Site "Luso"]
[Date "2016.07.21"]
[Round "3"]
[White "Soares, Joao Diogo Pedreiro"]
[Black "Martins, Jose Manuel Oliveir"]
[Result "1-0"]
[WhiteElo "1788"]
[BlackElo "1478"]
[PlyCount "85"]
[EventDate "2016.07.20"]
[EventType "swiss"]
[EventRounds "7"]
[EventCountry "POR"]
[SourceTitle "EXT 2018"]
[Source "ChessBase"]
[SourceDate "2017.10.13"]
[SourceVersion "1"]
[SourceVersionDate "2017.10.13"]
[SourceQuality "1"]

1. e4 e5 2. Nf3 Nc6 3. Bc4 Be7 4. 0-0 Nf6 5. Re1 0-0 6. c3 Bc5 7. d4 Bb6 8. Bg5 d6 9. h3 Re8 10. d5 Ne7 11. a4 a6 12. b4 Ng6 13. Nbd2 h6 14. Be3 Bxe3 15. Rxe3 Nh7 16. Bf1 Ng5 17. Nxg5 Qxg5 18. Rg3 Qe7 19. c4 Kh7 20. Qc2 Rf8 21. c5 Nf4 22. Rc1 f5 23. cxd6 cxd6 24. Qc7 Rf7 25. Qxe7 Rxe7 26. Nc4 fxe4 27. Nb6 Rb8 28. Nxc8 Rd7 29. Nb6 Re7 30. Re3 Kg6 31. Rxe4 Kf5 32. Re3 Kf6 33. Rec3 Rbe8 34. g3 Ng6 35. a5 Nh8 36. b5 Nf7 37. bxa6 bxa6 38. Bxa6 Ra7 39. Bb5 Ree7 40. Ra1 Reb7 41. Rca3 e4 42. Nc8 Ra8 43. Bc6 1-0

[Event "Coimbra Queima das Fitas op"]
[Site "Coimbra"]
[Date "2016.04.24"]
[Round "5"]
[White "Soares, Joao Diogo Pedreiro"]
[Black "Pipiras, Filipa Fortuna"]
[Result "1-0"]
[WhiteElo "1753"]
[BlackElo "1500"]
[PlyCount "65"]
[EventDate "2016.04.22"]
[EventType "swiss"]
[EventRounds "7"]
[EventCountry "POR"]
[SourceTitle "EXT 2018"]
[Source "ChessBase"]
[SourceDate "2017.10.13"]
[SourceVersion "1"]
[SourceVersionDate "2017.10.13"]
[SourceQuality "1"]

1. e4 e5 2. Nf3 Nc6 3. Bc4 Bc5 4. 0-0 d6 5. h3 Nf6 6. Re1 0-0 7. c3 h6 8. d4 exd4 9. cxd4 Bb6 10. Nc3 Bd7 11. Bf4 Re8 12. Qd2 Ne7 13. a4 a6 14. e5 dxe5 15. dxe5 Nh7 16. Rad1 Be6 17. Qc2 Qc8 18. Bd3 Bf5 19. Ne4 Qe6 20. Bg3 Nf8 21. Nh4 Bh7 22. b4 Nc6 23. Bc4 Qe7 24. Qb3 Rad8 25. Rxd8 Rxd8 26. Nf3 Nd4 27. Nxd4 Rxd4 28. Nc5 Bxc5 29. bxc5 c6 30. e6 fxe6 31. Bxe6+ Nxe6 32. Rxe6 Qf7 33. Re8# 1-0

[Event "POR-ch U16"]
[Site "Luso"]
[Date "2015.07.25"]
[Round "6"]
[White "Paiva, Henrique MA Alberg"]
[Black "Soares, Joao Diogo Pedreiro"]
[Result "1/2-1/2"]
[WhiteElo "1749"]
[BlackElo "1700"]
[PlyCount "125"]
[EventDate "2015.07.22"]
[EventType "swiss"]
[EventRounds "7"]
[EventCountry "POR"]
[SourceTitle "EXT 2018"]
[Source "ChessBase"]
[SourceDate "2017.10.13"]
[SourceVersion "1"]
[SourceVersionDate "2017.10.13"]
[SourceQuality "1"]

1. e4 c5 2. Nf3 Nc6 3. d4 cxd4 4. Nxd4 Nf6 5. Nc3 d6 6. Be2 g6 7. Be3 a6 8. 0-0 Qc7 9. Nb3 Bg7 10. Bg5 0-0 11. Bxf6 Bxf6 12. Nd5 Qd8 13. Nxf6+ exf6 14. Qd2 Qe7 15. f3 f5 16. Bd3 fxe4 17. Bxe4 Be6 18. Rfe1 Qc7 19. Kh1 Rac8 20. c3 Ne5 21. Nd4 Rfe8 22. Qg5 Qe7 23. Qxe7 Rxe7 24. h3 Rce8 25. Bc2 Bd7 26. b3 Nc6 27. Rxe7 Rxe7 28. Nxc6 bxc6 29. Bd3 a5 30. c4 Be6 31. Kg1 Kf8 32. a3 Rb7 33. Rb1 c5 34. Be4 Rb6 35. Kf2 a4 36. Bc2 Ra6 37. Ra1 axb3 38. Bxb3 Rb6 39. Ba2 Rb2+ 40. Kg3 Rc2 41. Bb3 Rc3 42. Rb1 Bxc4 43. Bxc4 Rxc4 44. Rd1 Ra4 45. Rxd6 Rxa3 46. Rc6 Rc3 47. Kf4 Kg7 48. h4 Rc4+ 49. Ke3 Rxh4 50. Rxc5 Ra4 51. g4 h6 52. f4 Ra1 53. Kf3 Ra8 54. Kg3 Ra6 55. Kh4 Kf6 56. Rb5 Ra3 57. Rb6+ Kg7 58. Rc6 Ra4 59. Kg3 g5 60. f5 Ra3+ 61. Kg2 Ra5 62. Kg3 Rb5 63. Ra6 1/2-1/2

[Event "POR-ch U16"]
[Site "Luso"]
[Date "2015.07.22"]
[Round "1"]
[White "Reis, Catarina Lagoa Beir"]
[Black "Soares, Joao Diogo Pedreiro"]
[Result "0-1"]
[WhiteElo "1329"]
[BlackElo "1700"]
[PlyCount "64"]
[EventDate "2015.07.22"]
[EventType "swiss"]
[EventRounds "7"]
[EventCountry "POR"]
[SourceTitle "EXT 2018"]
[Source "ChessBase"]
[SourceDate "2017.10.13"]
[SourceVersion "1"]
[SourceVersionDate "2017.10.13"]
[SourceQuality "1"]

1. e4 c5 2. Nf3 Nc6 3. d4 cxd4 4. Nxd4 g6 5. Nc3 Bg7 6. Be3 a6 7. Qd2 Nf6 8. f4 0-0 9. 0-0-0 d6 10. Be2 Qc7 11. h3 b5 12. Bf3 Bb7 13. f5 Rac8 14. fxg6 hxg6 15. h4 b4 16. Nce2 Nxd4 17. Nxd4 Nxe4 18. Qd3 Nc5 19. Qc4 d5 20. Qe2 e5 21. Nb3 d4 22. Bf2 Rfd8 23. Nxc5 Bxf3 24. gxf3 Qxc5 25. Kb1 a5 26. Rd3 a4 27. a3 bxa3 28. Rxa3 Qc4 29. Qxc4 Rxc4 30. b3 axb3 31. Rxb3 Rdc8 32. Rb2 Rc3 0-1

[Event "Gaia Profigaia op 8th"]
[Site "Vila Nova de Gaia"]
[Date "2015.07.03"]
[Round "8"]
[White "Soares, Joao Diogo Pedreiro"]
[Black "Sousa, Hugo Carneiro"]
[Result "1-0"]
[WhiteElo "1700"]
[BlackElo "1866"]
[PlyCount "125"]
[EventDate "2015.06.27"]
[EventType "swiss"]
[EventRounds "9"]
[EventCountry "POR"]
[SourceTitle "EXT 2018"]
[Source "ChessBase"]
[SourceDate "2017.10.13"]
[SourceVersion "1"]
[SourceVersionDate "2017.10.13"]
[SourceQuality "1"]

1. e4 e6 2. d4 d5 3. exd5 exd5 4. Bd3 Nc6 5. Nf3 Bd6 6. 0-0 Nge7 7. c3 Bg4 8. h3 Bh5 9. Be3 Qd7 10. b4 Ng6 11. Re1 0-0-0 12. a4 Nf4 13. Bxf4 Bxf4 14. Qc2 Ne7 15. Nbd2 Bg6 16. b5 Bd6 17. Reb1 f6 18. a5 c5 19. dxc5 Bxc5 20. Nb3 Qd6 21. Nxc5 Qxc5 22. Nd4 Qd6 23. a6 b6 24. Re1 Bxd3 25. Qxd3 Ng6 26. Nc6 Rd7 27. c4 Ne5 28. Rxe5 fxe5 29. cxd5 Re8 30. Rc1 Rc7 31. Nxa7+ Kb8 32. Nc6+ Ka8 33. Qe3 Qh6 34. Qc3 Qd6 35. Rc2 Qxd5 36. Qb2 Rec8 37. Rd2 Qe4 38. Re2 Qd3 39. Qxe5 g6 40. Re1 Rf7 41. Qe6 Qf5 42. Qe2 Rfc7 43. Ne7 Qf7 44. Nxc8 Rxc8 45. Qe7 Rc7 46. Qxf7 Rxf7 47. Re5 Rc7 48. g4 Rf7 49. Kg2 Rc7 50. h4 Kb8 51. h5 gxh5 52. Rxh5 Rf7 53. Kg3 Rc7 54. f3 Rf7 55. Rf5 Rg7 56. Kf4 Ka7 57. g5 Rc7 58. Kg4 Rd7 59. Kh5 h6 60. Kxh6 Rd6+ 61. g6 Rd8 62. g7 Rd1 63. Rf7+ 1-0

[Event "Coimbra Queima das Fitas op"]
[Site "Coimbra"]
[Date "2015.05.03"]
[Round "7"]
[White "Soares, Joao Diogo Pedreiro"]
[Black "Silva, Mariana Sofia Teixe"]
[Result "0-1"]
[WhiteElo "1532"]
[BlackElo "1715"]
[PlyCount "50"]
[EventDate "2015.04.30"]
[EventType "swiss"]
[EventRounds "7"]
[EventCountry "POR"]
[SourceTitle "EXT 2018"]
[Source "ChessBase"]
[SourceDate "2017.10.13"]
[SourceVersion "1"]
[SourceVersionDate "2017.10.13"]
[SourceQuality "1"]

1. e4 c5 2. Nf3 Nc6 3. g3 g6 4. Bg2 Bg7 5. 0-0 Nf6 6. Re1 d5 7. exd5 Nxd5 8. d3 0-0 9. Nbd2 Qc7 10. Ne4 b6 11. Nfd2 Rd8 12. f4 Bd4+ 13. Nf2 Ne3 14. Qf3 Nxg2 15. Qxg2 Bb7 16. Qf1 Nb4 17. Rb1 Qc6 18. Nde4 Nxc2 19. Re2 f5 20. Rxc2 fxe4 21. Rc4 e3 22. Rxd4 exf2+ 23. Kxf2 Qf3+ 24. Ke1 Qxf1+ 25. Kxf1 Rxd4 0-1

[Event "Coimbra Queima das Fitas op"]
[Site "Coimbra"]
[Date "2015.05.02"]
[Round "4"]
[White "Leao, Tiago Miguel da S"]
[Black "Soares, Joao Diogo Pedreiro"]
[Result "1-0"]
[WhiteElo "1910"]
[BlackElo "1532"]
[PlyCount "43"]
[EventDate "2015.04.30"]
[EventType "swiss"]
[EventRounds "7"]
[EventCountry "POR"]
[SourceTitle "EXT 2018"]
[Source "ChessBase"]
[SourceDate "2017.10.13"]
[SourceVersion "1"]
[SourceVersionDate "2017.10.13"]
[SourceQuality "1"]

1. e4 c5 2. Nc3 d6 3. f4 Nc6 4. Nf3 e6 5. g4 Be7 6. h4 Nd4 7. g5 Bd7 8. d3 b5 9. Bg2 Rc8 10. Be3 Nxf3+ 11. Qxf3 Qc7 12. 0-0 g6 13. f5 exf5 14. exf5 Bxf5 15. Rae1 Qd7 16. Nd5 Kd8 17. Bd2 Be6 18. Ba5+ Ke8 19. Bc3 Nf6 20. Nxf6+ Bxf6 21. Qxf6 Rf8 22. Bd5 1-0

[Event "Lisbon Christmas op"]
[Site "Lisbon"]
[Date "2014.12.29"]
[Round "7"]
[White "Soares, Joao Diogo Pedreiro"]
[Black "Perez Cameselle, Francisco Jose"]
[Result "0-1"]
[WhiteElo "1483"]
[BlackElo "1852"]
[PlyCount "120"]
[EventDate "2014.12.26"]
[EventType "swiss"]
[EventRounds "9"]
[EventCountry "POR"]
[SourceTitle "EXT 2018"]
[Source "ChessBase"]
[SourceDate "2017.10.13"]
[SourceVersion "1"]
[SourceVersionDate "2017.10.13"]
[SourceQuality "1"]

1. e4 e6 2. d4 d5 3. exd5 exd5 4. Bd3 Bd6 5. Be3 Nf6 6. Nf3 0-0 7. 0-0 Bg4 8. Nbd2 Nc6 9. c3 Bh5 10. Qc2 Bg6 11. Bxg6 hxg6 12. Bg5 Qd7 13. Rfe1 Rfe8 14. Nb3 b6 15. Nbd2 Rxe1+ 16. Rxe1 Re8 17. h3 Rxe1+ 18. Nxe1 Qe6 19. Nef3 Qe2 20. b4 Ne4 21. Be3 f5 22. Qb3 Ne7 23. Nxe4 fxe4 24. Nd2 Kh7 25. g4 c6 26. a3 b5 27. Qb1 Nc8 28. Qf1 Qxf1+ 29. Nxf1 Nb6 30. Bc1 Kg8 31. Kg2 Kf7 32. f3 exf3+ 33. Kxf3 Ke6 34. Ne3 Be7 35. Nc2 Bh4 36. Ke2 Nd7 37. Ne3 Bg5 38. Bd2 Nf6 39. Nf1 Bh4 40. Nh2 Ne4 41. Nf3 Bf6 42. Be1 Kd6 43. Kd3 Ke6 44. Nh4 Ng5 45. Nxg6 Nxh3 46. Bg3 Ng5 47. Ne5 Ne4 48. Bh2 Bxe5 49. Bxe5 g6 50. Bf4 Nf2+ 51. Ke2 Nxg4 52. Kf3 Nf6 53. Bc1 Ne4 54. Bb2 Kf5 55. Ba1 Nd2+ 56. Ke2 Nc4 57. Kf3 Nxa3 58. Bb2 Nc4 59. Bc1 Nd6 60. Bb2 g5 0-1

[Event "POR-ch U14"]
[Site "Luso"]
[Date "2014.07.27"]
[Round "7"]
[White "Flores, Miguel Santos"]
[Black "Soares, Joao Diogo Pedreiro"]
[Result "0-1"]
[WhiteElo "1398"]
[BlackElo "1437"]
[PlyCount "94"]
[EventDate "2014.07.23"]
[EventType "swiss"]
[EventRounds "7"]
[EventCountry "POR"]
[SourceTitle "EXT 2015"]
[Source "ChessBase"]
[SourceDate "2014.11.20"]
[SourceVersion "1"]
[SourceVersionDate "2014.11.20"]
[SourceQuality "1"]

1. e4 c5 2. Nc3 d6 3. Bc4 Nc6 4. h3 Nf6 5. f3 a6 6. a4 e6 7. Nge2 Be7 8. d4 cxd4 9. Nxd4 0-0 10. Nde2 Bd7 11. 0-0 Qb6+ 12. Kh1 Rac8 13. b3 Ne5 14. Bd3 Nxd3 15. Qxd3 Rfd8 16. Bb2 Bc6 17. Nf4 d5 18. e5 Nd7 19. Rae1 Bb4 20. Rf2 Qa5 21. Qd4 Bc5 22. Qd2 Bxf2 23. Qxf2 Qc5 24. Qg3 Qf8 25. h4 b5 26. axb5 Bxb5 27. Qh3 Kh8 28. g4 Qe7 29. h5 h6 30. Nd3 Bxd3 31. cxd3 Rb8 32. f4 Rxb3 33. Nd1 Nc5 34. Bc1 Nxd3 35. Re3 Nxc1 36. Rxb3 Nxb3 37. Qxb3 Qh4+ 38. Kg2 Qxg4+ 39. Qg3 Qxg3+ 40. Kxg3 a5 41. Nc3 d4 42. Na4 d3 43. Kf2 d2 44. Nc3 a4 45. Ke2 a3 46. Kd1 g5 47. hxg6 fxg6 0-1

[Event "Coimbra op"]
[Site "Coimbra"]
[Date "2014.04.26"]
[Round "5"]
[White "Cavadas, Francisco Manuel Si"]
[Black "Soares, Joao Diogo Pedreiro"]
[Result "1-0"]
[WhiteElo "1706"]
[BlackElo "1430"]
[PlyCount "103"]
[EventDate "2014.04.25"]
[EventType "swiss"]
[EventRounds "7"]
[EventCountry "POR"]
[SourceTitle "CBM 160 Extra"]
[Source "ChessBase"]
[SourceDate "2014.07.01"]
[SourceVersion "1"]
[SourceVersionDate "2014.07.01"]
[SourceQuality "1"]

1. e4 c5 2. Nf3 d6 3. d4 cxd4 4. Qxd4 Nc6 5. Bb5 Bd7 6. Bxc6 bxc6 7. c4 c5 8. Qd3 e5 9. 0-0 Nf6 10. Nc3 Be7 11. b3 0-0 12. Rd1 a6 13. Bg5 Ne8 14. Be3 Nf6 15. h3 h6 16. Rab1 a5 17. a4 Qc7 18. Nb5 Bxb5 19. cxb5 Qb7 20. Nd2 Rfd8 21. Rbc1 Rac8 22. Nc4 Ra8 23. f3 Ne8 24. Qc3 Qc7 25. Bd2 Bg5 26. Bxg5 hxg5 27. Rd3 f6 28. Rcd1 Kf7 29. Qd2 Ke7 30. Ne3 Ke6 31. Qc3 Kf7 32. Qc4+ Kf8 33. Qe6 Qf7 34. Qxf7+ Kxf7 35. Nc4 Ke7 36. Nb6 Rab8 37. Nd5+ Kf7 38. Kf2 Ke6 39. Ke2 Rb7 40. Kd2 Nc7 41. Ne3 g6 42. Kc3 Na8 43. Nc4 Rbd7 44. Nxa5 Nb6 45. Nc6 Ra8 46. a5 Nc8 47. Kc4 Ne7 48. Nxe7 Kxe7 49. a6 f5 50. Ra1 Rda7 51. Rd2 Kd7 52. Rad1 1-0

[Event "Coimbra op"]
[Site "Coimbra"]
[Date "2014.04.25"]
[Round "3"]
[White "Soares, Joao Diogo Pedreiro"]
[Black "Gomes, Estevao Manuel Da"]
[Result "1-0"]
[WhiteElo "1430"]
[BlackElo "2029"]
[PlyCount "87"]
[EventDate "2014.04.25"]
[EventType "swiss"]
[EventRounds "7"]
[EventCountry "POR"]
[SourceTitle "CBM 160 Extra"]
[Source "ChessBase"]
[SourceDate "2014.07.01"]
[SourceVersion "1"]
[SourceVersionDate "2014.07.01"]
[SourceQuality "1"]

1. e4 e5 2. Nf3 Nc6 3. Bc4 Bc5 4. 0-0 Nf6 5. d4 Nxe4 6. dxc5 0-0 7. Re1 Nf6 8. Nxe5 Nxe5 9. Rxe5 Re8 10. Rxe8+ Qxe8 11. Nc3 c6 12. Bg5 Qe7 13. Qd2 Qxc5 14. Bd3 Nd5 15. Re1 g6 16. Bh6 Nf6 17. Qf4 Qh5 18. Qxf6 Qxh6 19. Re8+ Qf8 20. Rxf8+ Kxf8 21. Qh8+ Ke7 22. Qxh7 d5 23. Bxg6 Be6 24. f4 Kf6 25. f5 Bd7 26. Qxf7+ Ke5 27. Qe7+ Kd4 28. Ne2+ Kc4 29. b3+ Kb5 30. a4+ Ka5 31. Qc5+ b5 32. Nd4 a6 33. f6 Re8 34. c3 Re1+ 35. Kf2 Rc1 36. Bd3 Rxc3 37. Qxc3+ Kb6 38. a5+ Kc7 39. f7 b4 40. Qxb4 Bg4 41. Bxa6 Bf3 42. Qc5 Bh5 43. Qxc6+ Kd8 44. Qd6# 1-0

[Event "St Joao da Madeira op 10th"]
[Site "Sao Joao da Madeira"]
[Date "2013.10.13"]
[Round "7.24"]
[White "Soares, Joao Diogo Pedreiro"]
[Black "Mendes, Carlos Alberto De S"]
[Result "0-1"]
[WhiteElo "1419"]
[BlackElo "1764"]
[PlyCount "94"]
[EventDate "2013.10.05"]
[EventType "swiss"]
[EventRounds "7"]
[EventCountry "POR"]
[SourceTitle "EXT 2015"]
[Source "ChessBase"]
[SourceDate "2014.11.20"]
[SourceVersion "1"]
[SourceVersionDate "2014.11.20"]
[SourceQuality "1"]

1. e4 e5 2. Nf3 Nf6 3. Nc3 Bb4 4. Bc4 0-0 5. d3 d6 6. h3 Bxc3+ 7. bxc3 h6 8. 0-0 Nbd7 9. Re1 Re8 10. Rb1 a5 11. a4 Nc5 12. Ra1 Bd7 13. Bb3 b6 14. Be3 Ne6 15. Qc1 Nf8 16. Nh2 Ng6 17. f4 exf4 18. Bxf4 Nxf4 19. Qxf4 Be6 20. Rf1 Qd7 21. Qg3 Bxb3 22. cxb3 Qe6 23. c4 Re7 24. Rf5 Nd7 25. Raf1 Nc5 26. Rb1 Rd8 27. Nf3 Nxd3 28. Ng5 hxg5 29. Qxd3 Qxe4 30. Qxe4 Rxe4 31. Rxg5 Re3 32. Kh2 Rde8 33. Rg3 f6 34. Rb2 Kf7 35. Rf2 Rxg3 36. Kxg3 Re3+ 37. Rf3 Rxf3+ 38. Kxf3 Ke6 39. Ke4 c6 40. g4 g6 41. h4 f5+ 42. gxf5+ gxf5+ 43. Kf4 Kf6 44. h5 d5 45. h6 d4 46. h7 Kg7 47. Kxf5 d3 0-1

[Event "St Joao da Madeira op 10th"]
[Site "Sao Joao da Madeira"]
[Date "2013.10.12"]
[Round "5.20"]
[White "Soares, Joao Diogo Pedreiro"]
[Black "Da Costa Moreira, Euler Joarce"]
[Result "1/2-1/2"]
[WhiteElo "1419"]
[BlackElo "1693"]
[PlyCount "230"]
[EventDate "2013.10.05"]
[EventType "swiss"]
[EventRounds "7"]
[EventCountry "POR"]
[SourceTitle "EXT 2015"]
[Source "ChessBase"]
[SourceDate "2014.11.20"]
[SourceVersion "1"]
[SourceVersionDate "2014.11.20"]
[SourceQuality "1"]

1. e4 c6 2. d4 d5 3. exd5 cxd5 4. Nf3 Nf6 5. Bf4 Nc6 6. c3 a6 7. Bd3 g6 8. Nbd2 Bg7 9. 0-0 0-0 10. Re1 Re8 11. h3 b5 12. Ne5 Bb7 13. Nxc6 Bxc6 14. Nf3 Nd7 15. Qe2 Rc8 16. Ne5 Nxe5 17. Bxe5 f6 18. Bg3 e5 19. dxe5 fxe5 20. Qd2 Qf6 21. Rad1 Rcd8 22. Qc2 Kh8 23. a4 Qd6 24. axb5 axb5 25. Bf1 Qc5 26. b4 Qb6 27. Bh4 Rc8 28. Bg3 e4 29. Bf4 Ba8 30. Qe2 Bxc3 31. Qxb5 Qxb5 32. Bxb5 Bxe1 33. Bxe8 Bxf2+ 34. Kxf2 Rxe8 35. Ke3 Kg7 36. b5 Bb7 37. b6 Kf7 38. Rc1 Ke6 39. Rc7 Re7 40. Rxe7+ Kxe7 41. Kd4 Ke6 42. h4 Kf5 43. g3 Kg4 44. Ke3 h6 45. Bxh6 Kxg3 46. Bg5 Kg4 47. Bd8 Kf5 48. Bg5 Ke5 49. Bf4+ Ke6 50. Kd4 Kf5 51. Bg5 Ke6 52. Bf4 Ba6 53. Bg5 Kd6 54. Bf4+ Kc6 55. Be3 Bb7 56. Ke5 Kb5 57. Kf6 Kc4 58. Kxg6 d4 59. Bxd4 Kxd4 60. h5 e3 61. h6 e2 62. h7 Be4+ 63. Kg7 Bxh7 64. b7 e1Q 65. b8Q Qe7+ 66. Kh6 Bd3 67. Qf4+ Be4 68. Qd2+ Kc4 69. Qe2+ Kd4 70. Qd2+ Bd3 71. Qf4+ Kc3 72. Qc1+ Bc2 73. Qa1+ Kd2 74. Qd4+ Bd3 75. Qb2+ Ke3 76. Qc1+ Kf3 77. Qd1+ Be2 78. Qd5+ Kf2 79. Qd4+ Ke1 80. Qc3+ Kd1 81. Qb3+ Kd2 82. Qb2+ Kd3 83. Qb3+ Kd4 84. Qb2+ Kd5 85. Qd2+ Kc6 86. Qc3+ Kb5 87. Qb3+ Ka5 88. Qc3+ Ka4 89. Qa1+ Kb3 90. Qb1+ Kc3 91. Qc1+ Kd3 92. Qb1+ Kd2 93. Qb2+ Ke1 94. Qc3+ Kf1 95. Qc1+ Kf2 96. Qf4+ Bf3 97. Qd2+ Kf1 98. Qd3+ Kg2 99. Qd2+ Kh3 100. Qg5 Qe6+ 101. Qg6 Qe5 102. Qg5 Qh8+ 103. Kg6 Be4+ 104. Kf7 Qh7+ 105. Ke6 Kh2 106. Qf4+ Kg2 107. Qg4+ Kf2 108. Qf4+ Bf3 109. Qd2+ Kg3 110. Qg5+ Bg4+ 111. Ke5 Qc7+ 112. Kf6 Qd6+ 113. Kg7 Qc7+ 114. Kf6 Qd8+ 115. Kg6 Qe8+ 1/2-1/2

[Event "St Joao da Madeira op 10th"]
[Site "Sao Joao da Madeira"]
[Date "2013.10.05"]
[Round "2.19"]
[White "Silva, Antonio Augusto MC"]
[Black "Soares, Joao Diogo Pedreiro"]
[Result "1-0"]
[WhiteElo "2214"]
[BlackElo "1419"]
[PlyCount "61"]
[EventDate "2013.10.05"]
[EventType "swiss"]
[EventRounds "7"]
[EventCountry "POR"]
[SourceTitle "EXT 2015"]
[Source "ChessBase"]
[SourceDate "2014.11.20"]
[SourceVersion "1"]
[SourceVersionDate "2014.11.20"]
[SourceQuality "1"]

1. c4 e5 2. g3 Nf6 3. Bg2 Bc5 4. Nc3 d6 5. e3 0-0 6. Nge2 Nc6 7. 0-0 Be6 8. d4 exd4 9. exd4 Nxd4 10. Nxd4 Bxc4 11. Re1 c6 12. Be3 a5 13. Nf5 Bxe3 14. Rxe3 d5 15. Qd4 Rc8 16. Ne7+ Kh8 17. Nxc8 Qxc8 18. Re7 Kg8 19. b3 Ba6 20. Na4 Nd7 21. Rae1 Qd8 22. Bh3 Nf6 23. Nc5 Bb5 24. a4 Ba6 25. Nd7 Nxd7 26. Bxd7 h6 27. Qc5 Qc7 28. Re8 Rxe8 29. Rxe8+ Kh7 30. Bf5+ g6 31. Qf8 1-0

[Event "POR-ch U14"]
[Site "Braga"]
[Date "2013.08.03"]
[Round "2.5"]
[White "Soares, Joao Diogo Pedreiro"]
[Black "Paiva, Henrique MA Alberg"]
[Result "0-1"]
[WhiteElo "1483"]
[BlackElo "1633"]
[PlyCount "116"]
[EventDate "2013.08.02"]
[EventType "swiss"]
[EventRounds "7"]
[EventCountry "POR"]
[SourceTitle "EXT 2015"]
[Source "ChessBase"]
[SourceDate "2014.11.20"]
[SourceVersion "1"]
[SourceVersionDate "2014.11.20"]
[SourceQuality "1"]

1. e4 c5 2. Nf3 d6 3. d4 cxd4 4. Nxd4 Nf6 5. Nc3 Nc6 6. Be3 e5 7. Nf3 Be7 8. Be2 h6 9. Qd2 Be6 10. h3 a6 11. 0-0 0-0 12. Rfd1 Rc8 13. a3 Qc7 14. Rac1 Rfd8 15. Na4 Nxe4 16. Qd3 Nc5 17. Nxc5 dxc5 18. Qc3 Nd4 19. Bxd4 exd4 20. Qd2 Bd5 21. c3 Bxf3 22. Bxf3 Bg5 23. Qd3 Bxc1 24. Rxc1 c4 25. Qe4 d3 26. Qxb7 d2 27. Rd1 Qe5 28. Qe4 Qxe4 29. Bxe4 Rb8 30. Kf1 Rxb2 31. Ke2 Re8 32. Kf3 f5 33. Bd5+ Kh7 34. Bxc4 a5 35. a4 Rc8 36. Bb5 Rxc3+ 37. Ke2 Ra2 38. Rxd2 Rcc2 39. Rxc2 Rxc2+ 40. Kf3 Kg6 41. g4 Rc3+ 42. Kg2 fxg4 43. hxg4 Kg5 44. Bd7 Kf4 45. Be6 Rd3 46. Bc4 Rd4 47. Bb5 Kxg4 48. Bc6 g5 49. Bf3+ Kf4 50. Bc6 g4 51. Kh2 h5 52. Kg2 h4 53. Kh2 g3+ 54. fxg3+ hxg3+ 55. Kg2 Rc4 56. Bb5 Rc2+ 57. Kh3 Kf3 58. Bc4 Rh2# 0-1